Operaciones financieras avanzadas / (Registro nro. 12045)
[ vista simple ]
| 000 -LEADER | |
|---|---|
| fixed length control field | 02670cam a2200313 a 4500 |
| 003 - CONTROL NUMBER IDENTIFIER | |
| control field | OSt |
| 005 - DATE AND TIME OF LATEST TRANSACTION | |
| control field | 20210730133649.0 |
| 008 - FIXED-LENGTH DATA ELEMENTS--GENERAL INFORMATION | |
| fixed length control field | 130716t 2013sp ad r 000 0 spa d |
| 020 ## - INTERNATIONAL STANDARD BOOK NUMBER | |
| International Standard Book Number | 9788436828160 |
| 040 ## - CATALOGING SOURCE | |
| Original cataloging agency | CO-BoPUJ |
| Transcribing agency | CO-JMCR |
| 041 0# - LANGUAGE CODE | |
| Language code of text/sound track or separate title | spa |
| 082 04 - DEWEY DECIMAL CLASSIFICATION NUMBER | |
| Classification number | 332.632 / |
| Item number | V195o |
| Edition number | 23 |
| 100 1# - MAIN ENTRY--PERSONAL NAME | |
| Personal name | Valls Martínez, María del Carmen, |
| Relator term | autor |
| 9 (RLIN) | 38922 |
| 245 10 - TITLE STATEMENT | |
| Title | Operaciones financieras avanzadas / |
| Statement of responsibility, etc. | María del Carmen Valls Martínez y Salvador Cruz Rambaud |
| 260 ## - PUBLICATION, DISTRIBUTION, ETC. | |
| Place of publication, distribution, etc. | Madrid, España : |
| Name of publisher, distributor, etc. | Ediciones Pirámide, |
| Date of publication, distribution, etc. | 2013. |
| 300 ## - PHYSICAL DESCRIPTION | |
| Extent | 387 páginas : |
| Other physical details | ilustraciones, cuadros y gráficas ; |
| Dimensions | 24 cm. |
| 490 0# - SERIES STATEMENT | |
| Series statement | Colección "Economía y empresa" |
| 504 ## - BIBLIOGRAPHY, ETC. NOTE | |
| Bibliography, etc. note | Incluye referencias bibliográficas. |
| 505 ## - FORMATTED CONTENTS NOTE | |
| Formatted contents note | Operaciones financieras simples. -- Operaciones financieras de ahorro. -- Depósitos bancarios o productos bancarios de pasivo. -- Operaciones de préstamo y crédito. -- Operaciones de leasing y renting. -- Operaciones negociables de renta fija a corto plazo. -- Operaciones negociables de renta fija a medio y largo plazo. -- Valoración. -- Productos financieros derivados. -- Operaciones bursátiles. |
| 520 ## - SUMMARY, ETC. | |
| Summary, etc. | Las operaciones financieras son fundamentales en el mundo de la empresa y, como consecuencia de ello, ocupan un lugar preeminente en los planes de estudios de las facultades de Ciencias Económicas y Empresariales, situándose dentro de las materias obligatorias en los estudios de grado y posgrado. De ahí la necesidad de contar con manuales adaptados a las nuevas titulaciones y realizados de forma didáctica para que el alumno pueda, por sí mismo, comprender los conceptos estudiados.<br/>El libro se estructura en diez capítulos. En el primero de ellos se analizan las operaciones financieras simples; en el segundo y tercero, las operaciones bancarias pasivas; en el cuarto y quinto, las operaciones bancarias activas; en el sexto y séptimo, las operaciones negociables de renta fija a corto y largo plazo; en el octavo, las operaciones actuariales y de seguros; en el noveno, los productos financieros derivados, y en el décimo, las operaciones bursátiles.<br/>En cada capítulo se incluyen ejemplos prácticos resueltos que muestran la aplicación de los conocimientos teóricos adquiridos por los estudiantes, facilitando así su aprendizaje. |
| 650 14 - SUBJECT ADDED ENTRY--TOPICAL TERM | |
| Topical term or geographic name entry element | Instrumentos financieros |
| 9 (RLIN) | 38923 |
| 650 24 - SUBJECT ADDED ENTRY--TOPICAL TERM | |
| Topical term or geographic name entry element | Matemáticas financieras |
| 9 (RLIN) | 10647 |
| 650 24 - SUBJECT ADDED ENTRY--TOPICAL TERM | |
| Topical term or geographic name entry element | Operaciones bancarias |
| 9 (RLIN) | 38924 |
| 650 24 - SUBJECT ADDED ENTRY--TOPICAL TERM | |
| Topical term or geographic name entry element | Ahorro e inversión |
| 9 (RLIN) | 38925 |
| 650 24 - SUBJECT ADDED ENTRY--TOPICAL TERM | |
| Topical term or geographic name entry element | Depósitos bancarios |
| 9 (RLIN) | 38843 |
| 700 1# - ADDED ENTRY--PERSONAL NAME | |
| Personal name | Cruz Rambaud, Salvador, |
| Relator term | autor |
| 9 (RLIN) | 38926 |
| 942 ## - ADDED ENTRY ELEMENTS (KOHA) | |
| Source of classification or shelving scheme | Dewey Decimal Classification |
| Koha item type | Books |
| Withdrawn status | Lost status | Source of classification or shelving scheme | Damaged status | Not for loan | Home library | Current library | Shelving location | Date acquired | Source of acquisition | Full call number | Barcode | Date last seen | Copy number | Price effective from | Koha item type |
|---|---|---|---|---|---|---|---|---|---|---|---|---|---|---|---|
| Dewey Decimal Classification | Biblioteca Pública José María del Castillo y Rada | Biblioteca Pública José María del Castillo y Rada | General Stacks | 04/15/2018 | Donación | 332.632 / V195o | 430002370 | 05/16/2024 | Ej.1 | 03/10/2021 | Books |